000 00514nam a22001932 4500
001 0000003114
005 20170406114748.0
008 140507s xx 000 0 eng d
020 _c$
040 _aYour Holding Symbol
_cYour Holding Symbol
100 1 _aWoods Peter.
245 1 0 _aContemporary issues in teaching and learning.
250 _a ed.
260 _aNew york :
_bRoutledge,
_c1996.
300 _a236 p. ;
_c cm.
504 _aindex.
650 0 _aeducation.
908 _a140507
999 _c2993
_d2993